000 01028cam a2200337 i 4500
001 22332764
005 20260410154022.0
008 211203s2022 xxka b 001 0 eng
010 _a 2021951946
020 _a9780198829560
040 _aDLC
_beng
_erda
_cDLC
_dDL C
041 _aeng
042 _apcc
050 0 0 _aHV6431
_b.C6538 2022
245 0 0 _aContemporary terrorism studies /
_cedited by Diego Muro, Tim Wilson.
264 1 _aOxford, United Kingdom :
_bOxford University Press,
_c2022.
264 4 _c© 2022
300 _axxvii, 617 pages :
_billustrations chiefly color ;
_c25 cm
336 _atext
_2rdacontent
337 _aunmediated
_2rdamedia
338 _avolume
_2rdacarrier
504 _aIncludes bibliographical references and index.
650 0 _aTerrorism
_xStudy and teaching.
650 0 _aTerrorism
_xPrevention
650 0 _aTerrorism.
650 0 _aNational security.
700 1 _aMuro, Diego,
_eeditor.
700 1 _aWilson, Tim,
_eeditor.
942 _2lcc
_cBK
_n0
999 _c30509
_d30509